Čiastočná klimatizácia a chladenie bytového domu s viacúčelovou polyfunkciou

Na minha lista:
Detalhes bibliográficos
Autor principal: Frický, Ivan (Author)
Outros Autores: Masaryk, Michal (Thesis advisor)
Formato: Manuscrito Livro
Idioma:eslovaco
Publicado em: 2024
Assuntos:
Acesso em linha:http://is.stuba.sk/zp/portal_zp.pl?podrobnosti=186917
https://opac.crzp.sk/?fn=detailBiblioForm&sid=9A7D98113A4E7D6F03AE7FA0EB46
Tags: Adicionar Tag
Sem tags, seja o primeiro a adicionar uma tag!

MARC

LEADER 00000ntm a22000003a 4500
001 stuzp99225
003 SK-STU
005 20240919142427.8
007 ta
008 150427s2015----xo-----f-mn---000-0-slo-d
040 |a STU  |b slo 
041 0 |a slo 
100 1 |a Frický, Ivan  |u 010290  |4 aut  |U SvF Stavebná fakulta  |T SvF Katedra technických zariadení budov  |X 63411  |U V290  |Y 31  |7 63411 
242 0 1 |a Partial air conditioning and cooling of an apartment building with a multifunctional polyfunction  |y eng 
245 1 0 |a Čiastočná klimatizácia a chladenie bytového domu s viacúčelovou polyfunkciou 
260 |c 2024 
650 4 |a chladenie  |2 slo 
650 4 |a rekuperačná vzduchotechnická jednotka  |2 slo 
650 4 |a decentrálna vzduchotechnika  |2 slo 
650 4 |a centrálna vzduchotechnika  |2 slo 
650 4 |a decentralized air-conditioning  |2 eng 
650 4 |a central air-conditioning  |2 eng 
650 4 |a cooling  |2 eng 
650 4 |a recovery air-conditioning unit  |2 eng 
700 1 |a Masaryk, Michal  |u 020060  |k Z1  |4 ths  |U SjF Strojnícka fakulta  |T SjF Ústav energetických strojov a zariadení  |X 3392  |U J0060  |Y 805  |7 A000003392 
856 4 |u http://is.stuba.sk/zp/portal_zp.pl?podrobnosti=186917 
856 4 |u https://opac.crzp.sk/?fn=detailBiblioForm&sid=9A7D98113A4E7D6F03AE7FA0EB46